| 000 | 01422nam a2200325 a 4500 | ||
|---|---|---|---|
| 001 | ebr10468690 | ||
| 003 | CaPaEBR | ||
| 006 | m u | ||
| 007 | cr cn||||||||| | ||
| 008 | 830216s1949 enkbfh s 000 0 eng d | ||
| 010 | _z 50001730 | ||
| 020 | _z9781409414667 (hardback) | ||
| 020 | _z9781409417057 (e-book) | ||
| 040 |
_aCaPaEBR _cCaPaEBR |
||
| 035 | _a(OCoLC)732957610 | ||
| 043 | _amr----- | ||
| 050 | 1 | 4 |
_aDT39 _b.R43 1949eb |
| 051 |
_aDT39 _b.F66 |
||
| 245 | 0 | 4 |
_aThe Red Sea and adjacent countries at the close of the seventeenth century as described by Joseph Pitts, William Daniel, and Charles Jacques Poncet _h[electronic resource] / _cedited by William Foster. |
| 260 |
_aLondon : _bPrinted for the Hakluyt Society, _c1949. |
||
| 300 |
_axl, 192 p., 1 folded plate : _b2 facsims., 2 maps. |
||
| 490 | 1 |
_aWorks issued by the Hakluyt Society ; _v2nd ser., no. 100 |
|
| 533 |
_aElectronic reproduction. _bPalo Alto, Calif. : _cebrary, _d2013. _nAvailable via World Wide Web. _nAccess may be limited to ebrary affiliated libraries. |
||
| 651 | 0 | _aRed Sea Region. | |
| 655 | 7 |
_aElectronic books. _2local |
|
| 700 | 1 |
_aFoster, William, _cSir, _d1863-1951. |
|
| 710 | 2 | _aebrary, Inc. | |
| 830 | 0 |
_aWorks issued by the Hakluyt Society ; _v2nd ser., no. 100. |
|
| 856 | 4 | 0 |
_uhttp://site.ebrary.com/lib/rucke/Doc?id=10468690 _zAn electronic book accessible through the World Wide Web; click to view |
| 999 |
_c241650 _d241650 |
||